F1 Calendar 2021 - Statistics

General Stats
  • This quiz has been taken 55 times
  • The average score is 13 of 22
Answer Stats
Hint Answer % Correct
Round 2 Italy-Emilia Romagna Imola
91%
Round 6 Azerbaijan Baku
84%
Round 4 Spain Barcelona
81%
Round 1 Bahrain Sakhir
74%
Round 5 Monaco Monte Carlo
72%
Round 12 Belgium Spa
72%
Round 10 Great Britain Silverstone
67%
Round 15 Russia Sochi
67%
Round 17 United States Austin
65%
Round 22 UAE Abu Dhabi
63%
Round 19 Brazil Sao Paulo
63%
Round 21 Saudi Arabia Jeddah
60%
Round 18 Mexico Mexico City
60%
Round 13 Netherlands Zandvoort
58%
Round 11 Hungary Budapest
56%
Round 16 Turkey Istanbul
56%
Round 3 Portugal Portimao
53%
Round 8 Austria Spielberg
51%
Round 9 Austria Spielberg
47%
Round 20 Qatar Doha
35%
Round 14 Italy Milan
19%
Round 7 France La Castellet
7%
No matching quizzes found
Score Distribution
Percent of People with Each Score
Percentile by Number Answered
Your Score History
You have not taken this quiz